00332nam a2200109 45000820008000002420033000082450073000412600069001143000010001839420012001939990017002050 a39900aProverbs in Viri and English11aNjofanaã̈ũ̈ ta njo vĩ̈rï'dĩi je ĩngĩlí̈zí̈  aKhartoumbViri Literacy & Cultural Development Committeecc.1998 a26 p. 2ddccBK c64526d64500